[Event "Madrid-ch Seniors 65"]
[Site "Madrid"]
[Date "2020.08.29"]
[Round "6"]
[White "Beekhof Harmsen, Willen"]
[Black "Perales Hernandez, Manuel"]
[Result "0-1"]
[WhiteElo "1437"]
[BlackElo "1348"]
[PlyCount "84"]
[EventDate "2020.03.09"]
[EventType "swiss"]
[EventRounds "8"]
[EventCountry "ESP"]
[SourceTitle "EXT 2021"]
[Source "ChessBase"]
[SourceDate "2020.10.23"]
[SourceVersion "1"]
[SourceVersionDate "2020.10.23"]
[SourceQuality "1"]

1. Nf3 d6 2. g3 e5 3. c3 c6 4. Bg2 Nf6 5. b4 Be7 6. 0-0 Bd7 7. a4 Qc8 8. Ng5 h6 9. Ne4 Bh3 10. f4 Bxg2 11. Nxf6+ Bxf6 12. Kxg2 Qg4 13. h3 Qg6 14. f5 Qh7 15. d4 d5 16. Nd2 exd4 17. cxd4 Bxd4 18. Ra3 Nd7 19. e4 Nf6 20. Nf3 Bb6 21. a5 Bc7 22. Re3 dxe4 23. Bb2 Rd8 24. Qe2 Qxf5 25. Bxf6 gxf6 26. Rxe4+ Kf8 27. g4 Rg8 28. Kh1 Qc8 29. Qe3 Kg7 30. Nh4 Rd5 31. Rf5 Rd1+ 32. Kg2 Qd7 33. Rf2 Kh7 34. Re7 Rxg4+ 35. Kf3 Rg3+ 36. Ke2 Rxe3+ 37. Rxe3 Rd2+ 38. Kf3 Rxf2+ 39. Kxf2 Qd4 40. Nf5 Qxb4 41. Re7 Qc5+ 42. Kf3 Qxf5+ 0-1

[Event "Madrid San Viator op-B 31st"]
[Site "Madrid"]
[Date "2019.10.20"]
[Round "6"]
[White "Perales Hernandez, Manuel"]
[Black "Lopez Guitian, Juan J"]
[Result "0-1"]
[WhiteElo "1324"]
[BlackElo "1541"]
[PlyCount "79"]
[EventDate "2019.09.08"]
[EventType "swiss"]
[EventRounds "9"]
[EventCountry "ESP"]
[SourceTitle "EXT 2022"]
[Source "ChessBase"]
[SourceDate "2021.10.06"]
[SourceVersion "1"]
[SourceVersionDate "2021.10.06"]
[SourceQuality "1"]

1. e4 Nf6 2. e5 Nd5 3. Bc4 Nb6 4. Bb3 c5 5. d3 Nc6 6. Nf3 d5 7. h3 c4 8. dxc4 dxc4 9. Qe2 cxb3 10. axb3 Bf5 11. Be3 e6 12. 0-0 Be7 13. Nc3 0-0 14. Rfd1 Qb8 15. Bd4 Nxd4 16. Nxd4 Bg6 17. Ndb5 a6 18. Nd6 Qc7 19. Nce4 Rad8 20. c4 Bxe4 21. Qxe4 Bxd6 22. exd6 Qb8 23. c5 Nd5 24. f4 Nf6 25. Qe5 Nd7 26. Qd4 Rc8 27. b4 Rc6 28. Rd3 Qd8 29. Rg3 Qf6 30. Qxf6 Nxf6 31. Rd3 Nd7 32. g4 g6 33. h4 Ra8 34. Rc3 Rac8 35. Re3 b6 36. Rxa6 bxc5 37. Rxc6 Rxc6 38. bxc5 Rxc5 39. Rc3 Rxc3 40. bxc3 0-1

[Event "Madrid San Viator op-B 31st"]
[Site "Madrid"]
[Date "2019.10.06"]
[Round "4"]
[White "Perales Hernandez, Manuel"]
[Black "Gallego Romero, Manuel"]
[Result "0-1"]
[WhiteElo "1324"]
[BlackElo "1421"]
[PlyCount "114"]
[EventDate "2019.09.08"]
[EventType "swiss"]
[EventRounds "9"]
[EventCountry "ESP"]
[SourceTitle "EXT 2022"]
[Source "ChessBase"]
[SourceDate "2021.10.06"]
[SourceVersion "1"]
[SourceVersionDate "2021.10.06"]
[SourceQuality "1"]

1. e4 e5 2. Bc4 Nf6 3. Nf3 Nc6 4. Ng5 d5 5. exd5 Nxd5 6. Qf3 Qxg5 7. Bxd5 Qg6 8. Bxc6+ Qxc6 9. Qxc6+ bxc6 10. 0-0 Bc5 11. Re1 f6 12. c3 0-0 13. b4 Bb6 14. a4 a6 15. a5 Ba7 16. Ba3 Re8 17. d4 Bf5 18. Nd2 exd4 19. cxd4 Bxd4 20. Rac1 Rxe1+ 21. Rxe1 Bc3 22. Rd1 Rd8 23. h3 Rxd2 24. Rc1 Be5 25. Re1 Be6 26. Bc1 Ra2 27. Be3 Bd5 28. f3 Bc3 29. Rb1 Ra1 30. Rxa1 Bxa1 31. Bd2 Kf7 32. Kf1 Bc4+ 33. Ke1 Ke6 34. Kf2 Kd5 35. Kg3 Kd4 36. Bf4 Kc3 37. Bxc7 Kxb4 38. Kf4 Be5+ 39. Bxe5 fxe5+ 40. Kxe5 Kxa5 41. Kd6 Kb5 42. g4 a5 43. h4 a4 44. h5 Be2 45. f4 Bxg4 46. Ke7 Bxh5 47. Kf8 a3 48. Kxg7 Bg6 49. Kf6 a2 50. f5 a1Q+ 51. Kg5 Qc1+ 52. Kf6 Qf1 53. Kg7 Qxf5 54. Kh6 Qf4+ 55. Kg7 c5 56. Kg8 Qf7+ 57. Kh8 Qf8# 0-1

[Event "Madrid Codes Memorial 13th"]
[Site "Madrid"]
[Date "2019.04.07"]
[Round "2.21"]
[White "Perales Hernandez, Manuel"]
[Black "Carbajo Rodriguez, Adrian"]
[Result "1-0"]
[WhiteElo "1318"]
[BlackElo "1155"]
[PlyCount "59"]
[EventDate "2019.03.31"]
[EventType "swiss"]
[EventRounds "9"]
[EventCountry "ESP"]
[SourceTitle "EXT 2024"]
[Source "ChessBase"]
[SourceDate "2023.10.10"]
[SourceVersion "1"]
[SourceVersionDate "2023.10.10"]
[SourceQuality "1"]

1. e4 e5 2. Bc4 Nc6 3. Nf3 Bc5 4. d3 h6 5. c3 d6 6. 0-0 Nf6 7. b4 Bb6 8. a4 a5 9. b5 Ne7 10. h3 0-0 11. Re1 Re8 12. Qb3 d5 13. exd5 Nexd5 14. Nbd2 Qd6 15. Ne4 Nxe4 16. dxe4 Nf4 17. Bxf7+ Kf8 18. Bxe8 Kxe8 19. Qg8+ Qf8 20. Qxf8+ Kxf8 21. Nxe5 Nxh3+ 22. gxh3 Bxh3 23. Be3 Re8 24. Bxb6 cxb6 25. Ng6+ Kg8 26. Rad1 Kh7 27. Nf4 Bg4 28. Rd6 g5 29. Nd5 Be6 30. Nf6+ 1-0

[Event "Madrid Codes Memorial 13th"]
[Site "Madrid"]
[Date "2019.03.31"]
[Round "1.7"]
[White "Alonso Gutierrez, Anastasio"]
[Black "Perales Hernandez, Manuel"]
[Result "1-0"]
[WhiteElo "1751"]
[BlackElo "1318"]
[PlyCount "143"]
[EventDate "2019.03.31"]
[EventType "swiss"]
[EventRounds "9"]
[EventCountry "ESP"]
[SourceTitle "EXT 2024"]
[Source "ChessBase"]
[SourceDate "2023.10.10"]
[SourceVersion "1"]
[SourceVersionDate "2023.10.10"]
[SourceQuality "1"]

1. c4 e5 2. Nc3 b6 3. Nf3 d6 4. g3 h6 5. Bg2 Bb7 6. d3 Nf6 7. 0-0 Be7 8. a3 Qd7 9. Nxe5 Qc8 10. Bxb7 Qxb7 11. Qa4+ c6 12. Nf3 Nbd7 13. Be3 0-0-0 14. b4 g5 15. Nd4 Kc7 16. Nxc6 Qxc6 17. Nb5+ Kb7 18. Qxa7+ Kc8 19. Nd4 Qb7 20. Qa4 Nb8 21. Nf5 Bf8 22. Bd4 Nbd7 23. Rfc1 Kb8 24. Rab1 Rg8 25. c5 Qa7 26. Qxa7+ Kxa7 27. cxb6+ Nxb6 28. Bxf6 Re8 29. Bd4 Kb7 30. e4 Ra8 31. Bxb6 Kxb6 32. Rb3 h5 33. Rbc3 Rg6 34. Rc8 Rxc8 35. Rxc8 Bg7 36. Nxg7 Rxg7 37. a4 h4 38. d4 Rg6 39. Rf8 Re6 40. f3 Re7 41. Rg8 hxg3 42. hxg3 f6 43. Rf8 Ra7 44. Rxf6 Rxa4 45. Rxd6+ Kc7 46. Rd5 Rxb4 47. Rxg5 Rxd4 48. Rf5 Rd3 49. g4 Re3 50. Kf2 Ra3 51. g5 Kd7 52. Kg3 Ke6 53. Kg4 Ra1 54. Kf4 Rg1 55. Rf6+ Ke7 56. Kf5 Rf1 57. f4 Rf2 58. Ra6 Rh2 59. Ra7+ Kd6 60. g6 Rh5+ 61. Kf6 Rh4 62. Kg5 Rh8 63. g7 Re8 64. Kg6 Rxe4 65. g8Q Rxf4 66. Qb8+ Ke6 67. Qxf4 Kd5 68. Ra5+ Kc6 69. Qf6+ Kb7 70. Re5 Kc7 71. Re7+ Kd8 72. Qf8# 1-0

[Event "Madrid San Viator op-B 30th"]
[Site "Madrid"]
[Date "2018.06.03"]
[Round "8"]
[White "Perales Hernandez, Manuel"]
[Black "Rojo Jorge, Angel"]
[Result "0-1"]
[WhiteElo "1328"]
[BlackElo "1494"]
[PlyCount "68"]
[EventDate "2018.04.08"]
[EventType "swiss"]
[EventRounds "9"]
[EventCountry "ESP"]
[SourceTitle "EXT 2019"]
[Source "ChessBase"]
[SourceDate "2018.10.10"]
[SourceVersion "1"]
[SourceVersionDate "2018.10.10"]
[SourceQuality "1"]

1. e4 c5 2. Nf3 g6 3. d4 cxd4 4. Qxd4 Nf6 5. e5 Nc6 6. Qc3 e6 7. a3 Nd5 8. Qd3 Bg7 9. b4 Nxe5 10. Nxe5 Bxe5 11. c3 Qc7 12. f4 Nxf4 13. Bxf4 Bxf4 14. g3 Be5 15. Ra2 b6 16. Be2 Bb7 17. Bf3 Bxf3 18. Qxf3 0-0 19. Rc2 d5 20. Kd1 a5 21. Re1 Bg7 22. h4 Rfc8 23. g4 axb4 24. axb4 Ra1 25. Kd2 Qc4 26. Rf1 Rc7 27. Qg3 Qxf1 28. Qxc7 Qg2+ 29. Kc1 Qf1+ 30. Kd2 Rxb1 31. Qb8+ Bf8 32. Qh2 Qe1+ 33. Kd3 Rd1+ 34. Rd2 Qe4# 0-1

[Event "Madrid San Viator op-B 30th"]
[Site "Madrid"]
[Date "2018.05.27"]
[Round "7"]
[White "Torrecillas Adan, Luis"]
[Black "Perales Hernandez, Manuel"]
[Result "1-0"]
[WhiteElo "1459"]
[BlackElo "1328"]
[PlyCount "69"]
[EventDate "2018.04.08"]
[EventType "swiss"]
[EventRounds "9"]
[EventCountry "ESP"]
[SourceTitle "EXT 2019"]
[Source "ChessBase"]
[SourceDate "2018.10.10"]
[SourceVersion "1"]
[SourceVersionDate "2018.10.10"]
[SourceQuality "1"]

1. e4 e5 2. Nf3 Qf6 3. Bc4 Bc5 4. 0-0 h6 5. Nc3 c6 6. a3 g5 7. b4 Be7 8. Bb2 d6 9. h3 g4 10. hxg4 Bxg4 11. Be2 Qg6 12. Nh2 Bh3 13. Bf3 Nf6 14. Kh1 Be6 15. Rg1 h5 16. g3 Nbd7 17. d4 0-0-0 18. d5 Bg4 19. dxc6 bxc6 20. Qe2 Nb8 21. Rae1 Rh7 22. b5 c5 23. Nd5 Bxf3+ 24. Nxf3 Kd7 25. Nxf6+ Bxf6 26. Rd1 Qg4 27. Rg2 Ke7 28. Qe3 Bg5 29. Qxg5+ Qxg5 30. Nxg5 Rg7 31. Nf3 Rdg8 32. Kh2 Nd7 33. Nh4 Nf6 34. Nf5+ Ke6 35. Rxd6# 1-0

[Event "Madrid San Viator op-B 30th"]
[Site "Madrid"]
[Date "2018.05.13"]
[Round "5"]
[White "Jimenez Gallego, Rafael"]
[Black "Perales Hernandez, Manuel"]
[Result "1-0"]
[WhiteElo "1453"]
[BlackElo "1328"]
[PlyCount "165"]
[EventDate "2018.04.08"]
[EventType "swiss"]
[EventRounds "9"]
[EventCountry "ESP"]
[SourceTitle "EXT 2019"]
[Source "ChessBase"]
[SourceDate "2018.10.10"]
[SourceVersion "1"]
[SourceVersionDate "2018.10.10"]
[SourceQuality "1"]

1. e4 e5 2. Nf3 Nc6 3. Nc3 d6 4. d3 h6 5. Be2 Be6 6. Be3 Be7 7. d4 exd4 8. Nxd4 Bd7 9. Nxc6 Bxc6 10. Bb5 Qd7 11. Qd5 Nf6 12. Bxc6 bxc6 13. Qd1 a6 14. 0-0 g5 15. Bd4 Qe6 16. Re1 Rg8 17. e5 dxe5 18. Rxe5 Qd6 19. Re1 0-0-0 20. Bxf6 Qxf6 21. Qg4+ Kb8 22. Ne4 Qf4 23. Qxf4 gxf4 24. f3 Rg7 25. Re2 h5 26. h3 Rdg8 27. Kh2 Re8 28. Nf6 Rd8 29. Rxe7 Rd2 30. Rg1 h4 31. Ree1 Rxc2 32. Rc1 Rxb2 33. Rb1 Rxb1 34. Rxb1+ Kc8 35. Nh5 Rg5 36. Nxf4 Rb5 37. Rc1 Kb7 38. Rc2 a5 39. Nd3 Kb6 40. f4 a4 41. Nb2 Ka5 42. a3 c5 43. Nc4+ Ka6 44. Rc3 Rb3 45. Rc2 Kb5 46. f5 f6 47. Kg1 Rd3 48. Kf2 Rd4 49. Nb2 Rf4+ 50. Ke3 Rxf5 51. Rc4 Re5+ 52. Kd3 Rg5 53. Rxh4 Rg3+ 54. Kc2 Rxa3 55. Rxa4 Re3 56. Kd2 Re5 57. Rf4 Rd5+ 58. Kc2 Rg5 59. g4 Kc6 60. Rxf6+ Kd7 61. Nd3 c4 62. Nf4 Ra5 63. Kc3 Ke7 64. Rc6 Ra7 65. Nd5+ Kd7 66. Rxc7+ Rxc7 67. Nxc7 Kxc7 68. Kxc4 Kd7 69. Kd5 Ke7 70. Ke5 Kf7 71. Kf5 Kg7 72. h4 Kh6 73. h5 Kh7 74. Kf6 Kh6 75. Kf5 Kg7 76. g5 Kh7 77. Kf6 Kg8 78. g6 Kh8 79. g7+ Kg8 80. h6 Kh7 81. Kf7 Kxh6 82. g8Q Kh5 83. Qg3 1-0

[Event "Madrid San Viator op-B 30th"]
[Site "Madrid"]
[Date "2018.05.06"]
[Round "4"]
[White "Perales Hernandez, Manuel"]
[Black "Caravantes Camacho, Fernando"]
[Result "0-1"]
[WhiteElo "1328"]
[BlackElo "1559"]
[PlyCount "64"]
[EventDate "2018.04.08"]
[EventType "swiss"]
[EventRounds "9"]
[EventCountry "ESP"]
[SourceTitle "EXT 2019"]
[Source "ChessBase"]
[SourceDate "2018.10.10"]
[SourceVersion "1"]
[SourceVersionDate "2018.10.10"]
[SourceQuality "1"]

1. e4 e6 2. e5 d6 3. Nf3 dxe5 4. Nxe5 Nf6 5. d4 Nbd7 6. f4 c5 7. Bb5 a6 8. Ba4 b5 9. Bb3 c4 10. Nxc4 bxc4 11. Bxc4 Nb6 12. Bb3 Bb7 13. Rg1 Bd6 14. g3 a5 15. c4 Bb4+ 16. Bd2 a4 17. Bxb4 axb3 18. c5 Nbd5 19. Qxb3 Nxb4 20. Qxb4 Qa5 21. Qxa5 Rxa5 22. b4 Ra4 23. a3 Nd5 24. b5 Kd7 25. Ke2 Kc7 26. Rc1 Rha8 27. Kd3 R8a5 28. b6+ Kc6 29. Rc4 Ba6 30. Nd2 Rxa3+ 31. Rxa3 Rxa3+ 32. Ke4 Re3# 0-1

[Event "Madrid San Viator op-B 30th"]
[Site "Madrid"]
[Date "2018.04.22"]
[Round "3"]
[White "Izquierdo Millan, Cecilio"]
[Black "Perales Hernandez, Manuel"]
[Result "0-1"]
[WhiteElo "1510"]
[BlackElo "1328"]
[PlyCount "88"]
[EventDate "2018.04.08"]
[EventType "swiss"]
[EventRounds "9"]
[EventCountry "ESP"]
[SourceTitle "EXT 2019"]
[Source "ChessBase"]
[SourceDate "2018.10.10"]
[SourceVersion "1"]
[SourceVersionDate "2018.10.10"]
[SourceQuality "1"]

1. e4 e5 2. Nf3 Nc6 3. Bb5 Nd4 4. Bc4 d6 5. c3 Nxf3+ 6. Qxf3 Nf6 7. h3 Bd7 8. d4 b5 9. Bb3 exd4 10. cxd4 Bc6 11. d5 Bb7 12. Bg5 Be7 13. Nc3 b4 14. Ne2 0-0 15. 0-0 Nxe4 16. Bxe7 Qxe7 17. Qe3 Rfe8 18. Rfe1 Nf6 19. Qd3 Qe4 20. Qxe4 Rxe4 21. f3 Rh4 22. Rad1 Re8 23. Kf2 g5 24. Ng3 Rxe1 25. Kxe1 Rf4 26. Ke2 h5 27. Ke3 h4 28. Ne2 Rf5 29. Nd4 Re5+ 30. Kf2 Bxd5 31. Rd2 a6 32. Bxd5 Rxd5 33. Ke3 Ra5 34. b3 Nd5+ 35. Kf2 Nc3 36. Nc6 Rxa2 37. Rxa2 Nxa2 38. Ke3 f6 39. Kd4 Kf7 40. Kc4 Ke6 41. Nd4+ Ke5 42. Ne2 c5 43. Kd3 Nc3 44. Nc1 Kf4 0-1

[Event "Madrid-ch Previa-A"]
[Site "Madrid"]
[Date "2018.02.07"]
[Round "3"]
[White "Dominguez Afonso, Ayraldo"]
[Black "Perales Hernandez, Manuel"]
[Result "1-0"]
[WhiteElo "1561"]
[BlackElo "1345"]
[PlyCount "51"]
[EventDate "2018.02.05"]
[EventType "swiss"]
[EventRounds "9"]
[EventCountry "ESP"]
[SourceTitle "EXT 2020"]
[Source "ChessBase"]
[SourceDate "2019.10.17"]
[SourceVersion "1"]
[SourceVersionDate "2019.10.17"]
[SourceQuality "1"]

1. e4 e5 2. Nf3 Nf6 3. Nxe5 Qe7 4. Nf3 Nxe4 5. Be2 b6 6. 0-0 Nc6 7. Re1 Qf6 8. Bc4 Qf5 9. d3 b5 10. dxe4 Qc5 11. Bd5 Be7 12. Nc3 Bb7 13. Be3 Qb4 14. Rb1 f6 15. a3 Qa5 16. b4 Qxa3 17. Nxb5 Qa4 18. Nxc7+ Kf8 19. Nxa8 Bxa8 20. Nd4 Bxb4 21. Nxc6 dxc6 22. Bb3 Qa5 23. Qd7 Be7 24. Qe6 Ke8 25. Red1 Qc7 26. Qf7# 1-0

[Event "Madrid-ch Seniors 50"]
[Site "Madrid"]
[Date "2018.01.15"]
[Round "6"]
[White "De los Rios Camacho, Juan Antoni"]
[Black "Perales Hernandez, Manuel"]
[Result "1-0"]
[WhiteElo "1624"]
[BlackElo "1302"]
[PlyCount "53"]
[EventDate "2018.01.08"]
[EventType "swiss"]
[EventRounds "9"]
[EventCountry "ESP"]
[SourceTitle "CBM 182 Extra"]
[Source "ChessBase"]
[SourceDate "2018.02.23"]
[SourceVersion "1"]
[SourceVersionDate "2018.02.23"]
[SourceQuality "1"]

1. e4 e5 2. Nf3 Nc6 3. Bb5 Qf6 4. c3 Bc5 5. 0-0 Qg6 6. Bxc6 dxc6 7. Nxe5 Qg5 8. d4 Qf6 9. Nxf7 Bxd4 10. Nxh8 Be5 11. f4 g6 12. fxe5 Qxh8 13. Qf3 Qg7 14. Bg5 Be6 15. Na3 Ne7 16. Bf6 Qg8 17. b3 b5 18. Rad1 h5 19. h3 a5 20. Rd2 Bf7 21. Bxe7 Kxe7 22. Qf6+ Ke8 23. Rfd1 Bd5 24. exd5 Rd8 25. dxc6 Rxd2 26. Rxd2 Qf7 27. Rd8# 1-0

[Event "Madrid-ch Seniors 50"]
[Site "Madrid"]
[Date "2018.01.11"]
[Round "4"]
[White "Perales Hernandez, Manuel"]
[Black "Ramos Antona, Enrique"]
[Result "0-1"]
[WhiteElo "1302"]
[BlackElo "1608"]
[PlyCount "122"]
[EventDate "2018.01.08"]
[EventType "swiss"]
[EventRounds "9"]
[EventCountry "ESP"]
[SourceTitle "CBM 182 Extra"]
[Source "ChessBase"]
[SourceDate "2018.02.23"]
[SourceVersion "1"]
[SourceVersionDate "2018.02.23"]
[SourceQuality "1"]

1. e4 e5 2. Bc4 Bc5 3. Nf3 Nc6 4. c3 Nf6 5. b4 Bb6 6. d3 d6 7. Ng5 Bg4 8. f3 Bh5 9. h4 h6 10. g4 Bg6 11. h5 hxg5 12. Bxg5 Qd7 13. Ke2 Bh7 14. Rh4 Ng8 15. Qd2 f6 16. Be3 0-0-0 17. a4 Bxe3 18. Qxe3 Kb8 19. Nd2 Nge7 20. a5 d5 21. b5 dxc4 22. Nxc4 Nd4+ 23. cxd4 Qxd4 24. Qxd4 Rxd4 25. Rhh1 Rhd8 26. Rhd1 Bg8 27. Ne3 Rb4 28. Rdb1 Rdd4 29. Nc2 Rxb1 30. Rxb1 Ra4 31. a6 Ra2 32. Kd2 b6 33. Kc3 c6 34. Nb4 Ra3+ 35. Kd2 cxb5 36. h6 gxh6 37. Rh1 Rb3 38. Nc2 Rb2 39. Kc1 Ra2 40. Rxh6 Rxa6 41. Rxf6 Kc7 42. Kb2 Ra2+ 43. Kc1 a5 44. f4 exf4 45. Rxf4 b4 46. Nd4 Rg2 47. Nb5+ Kc6 48. Nd4+ Kc5 49. Nb3+ Bxb3 50. Rf3 Bg8 51. Rf6 Rxg4 52. d4+ Kxd4 53. Rxb6 Rxe4 54. Rb5 Re6 55. Rb7 Kc3 56. Kb1 Re2 57. Kc1 Kb3 58. Kd1 Bc4 59. Rc7 Re4 60. Rd7 Nd5 61. Rh7 Nc3+ 0-1

[Event "Madrid San Viator op-B 29th"]
[Site "Madrid"]
[Date "2017.11.12"]
[Round "9"]
[White "Lavado Pena, David"]
[Black "Perales Hernandez, Manuel"]
[Result "1-0"]
[WhiteElo "1153"]
[BlackElo "1367"]
[PlyCount "119"]
[EventDate "2017.09.17"]
[EventType "swiss"]
[EventRounds "9"]
[EventCountry "ESP"]
[SourceTitle "EXT 2019"]
[Source "ChessBase"]
[SourceDate "2018.10.10"]
[SourceVersion "1"]
[SourceVersionDate "2018.10.10"]
[SourceQuality "1"]

1. c4 c5 2. Nc3 e5 3. g3 Nf6 4. Bg2 d6 5. e3 a6 6. Nge2 Qc7 7. d4 cxd4 8. exd4 Nc6 9. dxe5 Nxe5 10. b3 Bd7 11. Nd4 0-0-0 12. Bg5 d5 13. Nxd5 Qd6 14. Qc2 Re8 15. 0-0 Kb8 16. Nxf6 gxf6 17. Qe4 Nc6 18. Nxc6+ Bxc6 19. Qxe8+ Bxe8 20. Bf4 Qxf4 21. gxf4 Rg8 22. Kh1 Rg4 23. Rad1 Kc7 24. Rd4 Bc5 25. Rd5 b6 26. Rf5 Rg6 27. Rh5 h6 28. f5 Rg5 29. Rxg5 fxg5 30. Kg1 f6 31. Ra1 Ba3 32. Rb1 a5 33. Kf1 Bd7 34. Be4 g4 35. Kg2 Be8 36. Kg3 Bd6+ 37. Kxg4 Bxh2 38. Rh1 Be5 39. Rxh6 Kd6 40. Rh8 Bd7 41. Rb8 Bd4 42. f3 Kc7 43. Rb7+ Kd8 44. Kh5 Kc8 45. Kg6 Bc3 46. Rxb6 Kc7 47. Rxf6 Bxf6 48. Kxf6 Kd6 49. Kg7 Be8 50. f6 Ke6 51. Bd5+ Kf5 52. f7 Bxf7 53. Kxf7 Ke5 54. f4+ Kxf4 55. Ke6 Ke3 56. c5 Kd3 57. c6 Kc3 58. c7 Kb4 59. c8Q Ka3 60. Qa6 1-0

[Event "Madrid San Viator op-B 29th"]
[Site "Madrid"]
[Date "2017.11.01"]
[Round "7"]
[White "Climent Castillo, Daniel"]
[Black "Perales Hernandez, Manuel"]
[Result "1/2-1/2"]
[WhiteElo "1237"]
[BlackElo "1367"]
[PlyCount "92"]
[EventDate "2017.09.17"]
[EventType "swiss"]
[EventRounds "9"]
[EventCountry "ESP"]
[SourceTitle "EXT 2019"]
[Source "ChessBase"]
[SourceDate "2018.10.10"]
[SourceVersion "1"]
[SourceVersionDate "2018.10.10"]
[SourceQuality "1"]

1. d4 d5 2. Nf3 Nc6 3. c3 h6 4. g3 Nf6 5. Bg2 e6 6. 0-0 Bd7 7. Re1 Bd6 8. Nbd2 Qe7 9. e4 0-0-0 10. e5 Ne8 11. exd6 Nxd6 12. Ne5 Nxe5 13. dxe5 Ne8 14. Nf3 g5 15. Qd4 b6 16. Qb4 c5 17. Qa3 Bc6 18. Nd4 Ba8 19. Nb5 Kb8 20. b4 Bc6 21. Bf1 Qd7 22. Nd6 Nxd6 23. exd6 Qxd6 24. bxc5 bxc5 25. Be3 d4 26. cxd4 Qd5 27. Qb3+ Qxb3 28. axb3 cxd4 29. Bd2 Rhg8 30. f4 Bd5 31. fxg5 hxg5 32. Ra4 Bc6 33. Rb4+ Kc7 34. Re5 Rd5 35. Rxd5 Bxd5 36. Rxd4 Bxb3 37. Bg2 f6 38. Ba5+ Kc8 39. Bf1 Bd5 40. Bh3 f5 41. Bxf5 exf5 42. Rxd5 Rf8 43. Bd2 g4 44. Ra5 Kb7 45. Be3 a6 46. Re5 Rf7 1/2-1/2

[Event "Madrid-ch Seniors 50"]
[Site "Madrid"]
[Date "2017.01.18"]
[Round "8"]
[White "Perales Hernandez, Manuel"]
[Black "Villodre Miranda, Juan Alonso"]
[Result "0-1"]
[WhiteElo "1306"]
[BlackElo "1652"]
[PlyCount "86"]
[EventDate "2017.01.09"]
[EventType "swiss"]
[EventRounds "9"]
[EventCountry "ESP"]
[SourceTitle "CBM 176 Extra"]
[Source "ChessBase"]
[SourceDate "2017.03.02"]
[SourceVersion "1"]
[SourceVersionDate "2017.03.02"]
[SourceQuality "1"]

1. e4 c5 2. e5 g6 3. c3 d6 4. Qa4+ Bd7 5. Qb3 Qc7 6. Na3 a6 7. Bc4 e6 8. Nf3 dxe5 9. Bd3 b5 10. c4 b4 11. Nc2 Bc6 12. Be2 Bg7 13. Qe3 Nd7 14. b3 e4 15. Rb1 exf3 16. Bxf3 Ngf6 17. Bb2 0-0 18. 0-0 Qb7 19. d4 Bxf3 20. gxf3 Rac8 21. a3 a5 22. axb4 axb4 23. Ra1 cxd4 24. Nxd4 Ra8 25. Rad1 Ra2 26. Qc1 e5 27. Qb1 Rfa8 28. Nb5 Qxf3 29. Rd3 Qe2 30. Bxe5 Qxe5 31. Re3 Qb2 32. Qe1 Ra1 33. Qxb4 Rxf1+ 34. Kxf1 Ra1+ 35. Kg2 Qb1 36. Rg3 Qf1+ 37. Kf3 Ne5+ 38. Kf4 Nh5+ 39. Ke4 Nxg3+ 40. hxg3 Qd3+ 41. Kf4 Qf3+ 42. Kg5 h6+ 43. Kh4 Qg4# 0-1

[Event "Madrid-ch Seniors 50"]
[Site "Madrid"]
[Date "2017.01.13"]
[Round "5"]
[White "Martinez Carrasco, Jesus"]
[Black "Perales Hernandez, Manuel"]
[Result "0-1"]
[WhiteElo "1636"]
[BlackElo "1306"]
[PlyCount "70"]
[EventDate "2017.01.09"]
[EventType "swiss"]
[EventRounds "9"]
[EventCountry "ESP"]
[SourceTitle "CBM 176 Extra"]
[Source "ChessBase"]
[SourceDate "2017.03.02"]
[SourceVersion "1"]
[SourceVersionDate "2017.03.02"]
[SourceQuality "1"]

1. d4 d5 2. c4 b6 3. e3 Nf6 4. h3 Ba6 5. b3 e6 6. Bd2 Ne4 7. Nf3 Nc6 8. Bd3 Nd6 9. Qc2 Qf6 10. 0-0 Nb7 11. a3 Bd6 12. Bc3 Nbd8 13. Re1 Nb7 14. e4 dxe4 15. Bxe4 Ne7 16. Nbd2 0-0-0 17. b4 b5 18. c5 Bf4 19. Nb3 Qh6 20. Ne5 Bxe5 21. dxe5 f5 22. exf6 gxf6 23. Bxb7+ Bxb7 24. Rxe6 Rhg8 25. Rxe7 Qxh3 26. Kf1 Qxg2+ 27. Ke1 Bf3 28. Qf5+ Kb8 29. Nd4 Qg1+ 30. Kd2 Qxf2+ 31. Kd3 Rg3 32. Rae1 Bg4+ 33. Ke4 Bxf5+ 34. Nxf5 Rxc3 35. Re3 Rc4+ 0-1